000 01415cam a22002174a 4500
005 20250605163946.0
008 250528s ||||||||||||||||||||||||d
035 _a15196
020 _a138961433
040 _aGR-AtMCL
_bgre
_dGR-AtMCL
_eAACR2
245 1 _aFundamentals of Management / Essentials Concepts and Application: Second Edition
250 _a2nd
260 _bPrentice Hall,
_c1998
300 _a598
520 _aThis book has a crisp, conversational writing style and focuses on issues relevant to today's students, along with lots of visual examples. Introduction, Managers and Management, The Changing Face of Management, Planning, Foundations of Planning, Planning Tools and Techniques, Foundations of Decision Making, Organizing, Technology and the Design of Work Processes, Basic Organization Designs, Staffing and Human Resource Management, Managing Change and Innovation, Leading, Foundations of Individual and Group Behavior, Understanding Work Teams, Motivating and Rewarding Employees, Leadership and Supervision, Communication and Interpersonal Skills, Controlling, Foundations of Control, Control Tools and Techniques, Appendices, The Historical Roots of Contemporary Management Practices, Understanding Your Career, Notes, Name and Organization Index.
700 1 _aDe Cenzo David A
_91078
700 1 _aRobbins Stephen P
_91079
942 _cBK
999 _c790
_d790